Microprocessor architecture, programming, and applications with the 8085 (Record no. 742)

MARC details
000 -LEADER
fixed length control field 00397nam a2200145Ia 4500
008 - FIXED-LENGTH DATA ELEMENTS--GENERAL INFORMATION
fixed length control field 130318s9999 xx 000 0 und d
020 ## - INTERNATIONAL STANDARD BOOK NUMBER
International Standard Book Number 8187972092
082 ## - DEWEY DECIMAL CLASSIFICATION NUMBER
Classification number 005.18 GAO/M
100 ## - MAIN ENTRY--PERSONAL NAME
Personal name Gaonkar, Ramesh
245 ## - TITLE STATEMENT
Title Microprocessor architecture, programming, and applications with the 8085
250 ## - EDITION STATEMENT
Edition statement 5
260 ## - PUBLICATION, DISTRIBUTION, ETC.
Name of publisher, distributor, etc. Penram
Place of publication, distribution, etc. Mumbai
Date of publication, distribution, etc. 1999
300 ## - PHYSICAL DESCRIPTION
Extent 820
Accompanying material I Floppy
650 ## - SUBJECT ADDED ENTRY--TOPICAL TERM
Topical term or geographic name entry element MICROPROCESSOR
Holdings
Withdrawn status Lost status Damaged status Not for loan Collection code Home library Current library Date acquired Cost, normal purchase price Total Checkouts Full call number Barcode Date last seen Date last checked out Price effective from Koha item type
        Embedded Systems Kerala University of Digital Sciences, Innovation and Technology Knowledge Centre Kerala University of Digital Sciences, Innovation and Technology Knowledge Centre 18/03/2013 263.00 3 005.18 GAO/M 749 29/08/2016 23/08/2016 18/03/2013 Archives